000 00274 a2200121 4500
001 147093
040 _cEscola São Tomás de Aquino
100 _aMACHADO, Ana Maria
240 1 0 _aMaria Sapeba
_lpor
245 1 0 _aMaria Sapeba
697 _a*LITERATURA INFANTO
942 _cBK
999 _c147093
_d147093